<?xml version="1.0" encoding="UTF-8"?>
<record
    xmlns:xsi="http://www.w3.org/2001/XMLSchema-instance"
    xsi:schemaLocation="http://www.loc.gov/MARC21/slim http://www.loc.gov/standards/marcxml/schema/MARC21slim.xsd"
    xmlns="http://www.loc.gov/MARC21/slim">

  <leader>00679nam a2200145Ia 4500</leader>
  <controlfield tag="008">100204s9999    xx            000 0 und d</controlfield>
  <datafield tag="082" ind1=" " ind2=" ">
    <subfield code="b">13210</subfield>
  </datafield>
  <datafield tag="100" ind1=" " ind2=" ">
    <subfield code="a">&#x92C;&#x902;&#x921;    &#x936;&#x94D;&#x92F;&#x93E;&#x92E;</subfield>
  </datafield>
  <datafield tag="245" ind1=" " ind2=" ">
    <subfield code="a">"&#x932;&#x94B;&#x915;&#x915;&#x925;&#x93E; ( &#x92E;&#x928;&#x94B;&#x930;&#x902;&#x91C;&#x915; , &#x905;&#x926;&#x92D;&#x942;&#x924; , &#x91A;&#x93F;&#x924;&#x94D;&#x924;&#x925;&#x930;&#x93E;&#x930;&#x915; ) &#x92D;&#x93E;&#x917; - 2"</subfield>
  </datafield>
  <datafield tag="260" ind1=" " ind2=" ">
    <subfield code="b">"&#x90B;&#x91A;&#x93E;  &#x92A;&#x94D;&#x930;&#x915;&#x93E;&#x936;&#x928;,  &#x928;&#x93E;&#x917;&#x92A;&#x942;&#x930;"</subfield>
    <subfield code="c">1990</subfield>
  </datafield>
  <datafield tag="300" ind1=" " ind2=" ">
    <subfield code="a">80</subfield>
  </datafield>
  <datafield tag="630" ind1=" " ind2=" ">
    <subfield code="a">"&#x932;&#x94B;&#x915;&#x915;&#x925;&#x93E; ( &#x92E;&#x928;&#x94B;&#x930;&#x902;&#x91C;&#x915; , &#x905;&#x926;&#x92D;&#x942;&#x924; , &#x91A;&#x93F;&#x924;&#x94D;&#x924;&#x925;&#x930;&#x93E;&#x930;&#x915; ) &#x92D;&#x93E;&#x917; - 2"</subfield>
  </datafield>
  <datafield tag="730" ind1=" " ind2=" ">
    <subfield code="a">"&#x932;&#x94B;&#x915;&#x915;&#x925;&#x93E; ( &#x92E;&#x928;&#x94B;&#x930;&#x902;&#x91C;&#x915; , &#x905;&#x926;&#x92D;&#x942;&#x924; , &#x91A;&#x93F;&#x924;&#x94D;&#x924;&#x925;&#x930;&#x93E;&#x930;&#x915; ) &#x92D;&#x93E;&#x917; - 2"</subfield>
  </datafield>
  <datafield tag="942" ind1=" " ind2=" ">
    <subfield code="c">BOOK</subfield>
  </datafield>
  <datafield tag="999" ind1=" " ind2=" ">
    <subfield code="c">457642</subfield>
    <subfield code="d">457639</subfield>
  </datafield>
  <datafield tag="952" ind1=" " ind2=" ">
    <subfield code="0">0</subfield>
    <subfield code="1">0</subfield>
    <subfield code="4">0</subfield>
    <subfield code="7">0</subfield>
    <subfield code="a">NCKMULUND</subfield>
    <subfield code="b">NCKMULUND</subfield>
    <subfield code="d">2010-02-04</subfield>
    <subfield code="g">15.00</subfield>
    <subfield code="l">0</subfield>
    <subfield code="o">13210</subfield>
    <subfield code="p">NCKMULUND-13210</subfield>
    <subfield code="r">2010-02-04 00:00:00</subfield>
    <subfield code="v">15.00</subfield>
    <subfield code="w">2010-02-04</subfield>
    <subfield code="y">BOOK</subfield>
  </datafield>
</record>
